Mot mystérieux - Série 70 - Statistiques

Statistiques générales
  • Ce quiz a été pris 74 fois
  • Le résultat moyen est 5 sur 10
Statistiques - réponses
Indices Mot % Correct
blanc - noir - tricolore - berne drapeau
94%
revers - travail - or - mérite médaille
78%
clé - lueur - cire - allumage bougie
75%
envers - théâtre - changement - cinéma décor
73%
survie - Pavlov - succion - rotulien réflexe
52%
perles - barbe - coup - franc collier
44%
russe - Reims - randonnée - col montagne
41%
interne - cérébrale - délivrance - digestive hémorragie
30%
épée - pluie - bain - torero cape
25%
chocolat - or - rare - bac pépite
11%
Aucun quiz correspondant
Distribution des résultats
% des personnes avec chaque résultat
Percentile par nombre de réponses
Votre historique - résultats
Vous n’avez pas pris ce quiz